[Event "Ottawa op"]
[Site "Ottawa CAN"]
[Date "1989.06.11"]
[Round "5"]
[White "Lidstone, Phil"]
[Black "Brodie, Hugh"]
[Result "0-1"]
[WhiteElo "1864"]
[BlackElo "1997"]
[PlyCount "122"]
[EventDate "1989.06.10"]
[EventType "swiss"]
[EventRounds "5"]
[EventCountry "CAN"]

1. d4 e6 2. e4 d5 3. Nc3 Bb4 4. e5 c5 5. a3 Bxc3+ 6. bxc3 Ne7 7. Qg4 Qc7 8.
Qxg7 Rg8 9. Qxh7 Nbc6 10. Qd3 Bd7 11. Ne2 O-O-O 12. g3 Na5 13. a4 Nc4 14. h4
Qa5 15. Bg5 Rde8 16. Bh3 cxd4 17. f4 dxc3 18. Kf2 Kb8 19. Qxc3 Qc5+ 20. Qd4 Qc7
21. Rhb1 Nc6 22. Qe3 N6a5 23. Bf1 Rc8 24. Kg2 Bc6 25. Nd4 Qd7 26. Rb4 Nb6 27.
Qa3 Nac4 28. Bxc4 dxc4+ 29. Nxc6+ Qxc6+ 30. Qf3 Nd5 31. Rb2 c3 32. Rba2 Nb4 33.
Qxc6 Rxc6 34. a5 Nxa2 35. Rxa2 Rc4 36. Be7 Rxf4 37. Ra3 Rc4 38. Kh3 Kc7 39. h5
Kd7 40. Bf6 Kc6 41. Rb3 Kc7 42. g4 Rgxg4 43. Rxc3 Rxc3+ 44. Kxg4 Rxc2 45. Kg3
Kc6 46. h6 Kb5 47. h7 Rc8 48. h8=Q Rxh8 49. Bxh8 Kxa5 50. Bf6 Kb5 51. Bg5 a5
52. Bc1 Kc4 53. Kf4 Kd3 54. Kg5 b5 55. Kf6 Ke4 56. Bb2 b4 57. Kxf7 Kd5 58. Ke8
a4 59. Kd7 a3 60. Ba1 b3 61. Kc7 b2 0-1

[Event "RA Winter op"]
[Site "Ottawa CAN"]
[Date "1989.01.14"]
[Round "1"]
[White "Brodie, Hugh"]
[Black "Ross, Paul"]
[Result "0-1"]
[WhiteElo "2026"]
[BlackElo "2321"]
[PlyCount "91"]
[EventDate "1989.01.14"]
[EventType "swiss"]
[EventRounds "5"]
[EventCountry "CAN"]

1. e4 e6 2. d3 d5 3. Nd2 Nf6 4. Ngf3 Be7 5. g3 dxe4 6. dxe4 b6 7. Bb5+ c6 8.
Be2 O-O 9. O-O Nbd7 10. Re1 e5 11. Bf1 Qc7 12. c3 Rd8 13. Qc2 a5 14. Nh4 Nc5
15. Nf5 Bf8 16. Ne3 Be6 17. f3 Rd7 18. Nb3 Nb7 19. Bd2 a4 20. Nc1 Nc5 21. Rd1
g6 22. Nd3 Nxd3 23. Bxd3 Bc5 24. Kg2 Rad8 25. Bc1 b5 26. Be2 Ba7 27. b3 b4 28.
cxb4 Bd4 29. Rb1 axb3 30. axb3 Qb6 31. Nc4 Qxb4 32. Bd2 Qb8 33. Ba5 Re8 34. Bc3
Rc8 35. Ra1 c5 36. Ra6 Rb7 37. Ra3 Ne8 38. Rda1 Nd6 39. R1a2 Nb5 40. Ra8 Qxa8
41. Rxa8 Rxa8 42. Bd2 Ra1 43. h4 Rba7 44. Qd3 Rg1+ 45. Kh2 Raa1 46. g4 0-1

[Event "RA Winter op"]
[Site "Ottawa CAN"]
[Date "1989.01.14"]
[Round "2"]
[White "Tomalty, Alan"]
[Black "Brodie, Hugh"]
[Result "1/2-1/2"]
[WhiteElo "1899"]
[BlackElo "2026"]
[PlyCount "113"]
[EventDate "1989.01.14"]
[EventType "swiss"]
[EventRounds "5"]
[EventCountry "CAN"]

1. e4 c5 2. c3 d5 3. exd5 Qxd5 4. d4 Nf6 5. Be3 cxd4 6. cxd4 Bf5 7. Nc3 Qa5 8.
Bb5+ Nbd7 9. Qb3 e6 10. Bg5 Bb4 11. Bxf6 gxf6 12. Bxd7+ Kxd7 13. Nge2 Be4 14.
O-O Bxc3 15. Nxc3 Bd5 16. Nxd5 Qxd5 17. Qh3 Rac8 18. b3 h5 19. Rac1 Rc6 20.
Rxc6 Qxc6 21. Qd3 Rg8 22. f3 Rg5 23. Qc4 Rd5 24. Qxc6+ bxc6 25. Rc1 Rxd4 26.
Rc5 Rd5 27. Rc4 Rd1+ 28. Kf2 Rd2+ 29. Kg3 Rxa2 30. Rc5 e5 31. Kh3 Kd6 32. Rc4
c5 33. Rh4 Ra3 34. b4 cxb4 35. Rxb4 a5 36. Rb6+ Ke7 37. Rb7+ Kf8 38. Kh4 Ra2
39. Kh3 Ra4 40. Kg3 Rb4 41. Ra7 a4 42. h3 Kg7 43. Ra5 Kg6 44. h4 e4 45. fxe4
Rxe4 46. Kh3 Re3+ 47. g3 a3 48. Kg2 Rb3 49. Kf2 Rb2+ 50. Kf3 a2 51. Kf4 Rb4+
52. Kf3 Rb3+ 53. Kf4 Rb2 54. Kf3 f5 55. Ra6+ Kg7 56. Kf4 Rg2 57. Kf3 1/2-1/2

[Event "RA Winter op"]
[Site "Ottawa CAN"]
[Date "1989.01.14"]
[Round "3"]
[White "Raletich, George"]
[Black "Brodie, Hugh"]
[Result "1/2-1/2"]
[WhiteElo "1851"]
[BlackElo "2026"]
[PlyCount "132"]
[EventDate "1989.01.14"]
[EventType "swiss"]
[EventRounds "5"]
[EventCountry "CAN"]

1. c4 e5 2. Nc3 Nc6 3. a3 g6 4. e3 Bg7 5. Nge2 f5 6. d4 d6 7. g3 Nf6 8. Bg2 O-O
9. O-O Bd7 10. Rb1 Qc8 11. b4 Ne7 12. Bb2 Bc6 13. f3 exd4 14. exd4 b6 15. Qc2
Qd7 16. Rbd1 Bb7 17. Rfe1 Rae8 18. Nf4 Nc8 19. d5 Rxe1+ 20. Rxe1 Re8 21. Re6
Rxe6 22. Nxe6 Bh8 23. Qe2 Ne8 24. Nb5 Bxb2 25. Qxb2 c6 26. dxc6 Bxc6 27. Nbd4
Bb7 28. f4 Bxg2 29. Qxg2 Ng7 30. Qd5 Ne7 31. Qa8+ Nc8 32. Ng5 h6 33. Nc6 hxg5
34. Qxc8+ Qxc8 35. Ne7+ Kf7 36. Nxc8 gxf4 37. Nxd6+ Ke6 38. Nc8 fxg3 39. hxg3
Ke5 40. Nxa7 Kd4 41. Nc8 Kxc4 42. Nxb6+ Kb3 43. Nd5 Kxa3 44. b5 Ne6 45. Nf4 Nc5
46. b6 Ka4 47. Nxg6 Kb5 48. Ne7 Kxb6 49. Nxf5 Kc6 50. Kg2 Kd5 51. Kf3 Ke5 52.
Nh6 Kf6 53. Ng4+ Kg5 54. Nf2 Nd7 55. Ne4+ Kg6 56. Kf4 Nb6 57. Nc3 Kf6 58. Kg4
Kg6 59. Kh4 Nc4 60. Nd5 Ne5 61. Ne3 Nf3+ 62. Kg4 Ne5+ 63. Kf4 Nd3+ 64. Ke4 Nc5+
65. Kf3 Kg5 66. Nd5 Ne4 1/2-1/2

[Event "RA Winter op"]
[Site "Ottawa CAN"]
[Date "1989.01.15"]
[Round "4"]
[White "Brodie, Hugh"]
[Black "Danilov, Alex"]
[Result "0-1"]
[WhiteElo "2026"]
[BlackElo "1766"]
[PlyCount "100"]
[EventDate "1989.01.14"]
[EventType "swiss"]
[EventRounds "5"]
[EventCountry "CAN"]

1. e4 c5 2. Nf3 Nc6 3. Bb5 g6 4. O-O Bg7 5. c3 Nf6 6. e5 Nd5 7. d4 cxd4 8. cxd4
O-O 9. Nc3 Nc7 10. Ba4 d6 11. exd6 Qxd6 12. Bxc6 Qxc6 13. h3 Bf5 14. Be3 Nd5
15. Rc1 Rac8 16. Qe2 Nxc3 17. Rxc3 Qd5 18. Rfc1 h6 19. b3 Rxc3 20. Rxc3 Rc8 21.
Rc5 Rxc5 22. dxc5 Qe4 23. Qd1 Qb1 24. Qxb1 Bxb1 25. a4 Bc2 26. Nd2 a6 27. Kf1
Kf8 28. Ke2 Ke8 29. b4 Bxa4 30. Kd3 Bb5+ 31. Kc2 h5 32. h4 Kd7 33. g3 Ke6 34.
Nf3 Kd5 35. Kb3 Be2 36. Ng5 f6 37. Nf7 Bd1+ 38. Kc3 Bf3 39. Kd3 Be4+ 40. Ke2
Kc4 41. Bd2 Bd5 42. Nh6 f5 43. f3 e5 44. g4 hxg4 45. fxg4 f4 46. g5 Be6 47. Kf3
Kd3 48. Be1 Bd5+ 49. Kf2 e4 50. Ng4 e3+ 0-1

[Event "Outaouais op"]
[Site "Hull CAN"]
[Date "1988.11.19"]
[Round "1"]
[White "Brodie, Hugh"]
[Black "Ross, Dave"]
[Result "0-1"]
[WhiteElo "2055"]
[BlackElo "2394"]
[PlyCount "58"]
[EventDate "1988.11.19"]
[EventType "swiss"]
[EventRounds "5"]
[EventCountry "CAN"]

1. e4 c5 2. Nf3 e6 3. c3 d5 4. e5 Nc6 5. d4 Qb6 6. Bd3 Bd7 7. O-O cxd4 8. cxd4
Nxd4 9. Nxd4 Qxd4 10. Nc3 a6 11. Re1 Ne7 12. Ne2 Qxe5 13. Bf4 Qf6 14. Qd2 e5
15. Bg5 Qd6 16. Rac1 f6 17. Bh4 g5 18. Bg3 h5 19. f3 Kf7 20. Rf1 Bh6 21. Qc2
Rac8 22. Qb3 Rxc1 23. Rxc1 Rc8 24. Rxc8 Bxc8 25. Bf2 Bf8 26. a3 Kg7 27. Ng3 h4
28. Ne2 b5 29. Qc2 d4 0-1

[Event "Outaouais op"]
[Site "Hull CAN"]
[Date "1988.11.19"]
[Round "2"]
[White "Martin, Spencer"]
[Black "Brodie, Hugh"]
[Result "1/2-1/2"]
[WhiteElo "1880"]
[BlackElo "2055"]
[PlyCount "55"]
[EventDate "1988.11.19"]
[EventType "swiss"]
[EventRounds "5"]
[EventCountry "CAN"]

1. Nc3 c5 2. Nf3 Nc6 3. e4 g6 4. g3 Bg7 5. Bg2 d6 6. O-O Nf6 7. d3 O-O 8. Be3
Ng4 9. Bf4 Bd7 10. h3 Nf6 11. Qd2 Re8 12. Bh6 Bh8 13. Rfe1 Qc8 14. Kh2 Rb8 15.
Re2 b5 16. Rae1 b4 17. Nd5 a5 18. c3 Ne5 19. Nxe5 dxe5 20. Nxf6+ Bxf6 21. cxb4
cxb4 22. Rc1 Qa6 23. Qe3 Bb5 24. Rec2 Rbc8 25. Rxc8 Qxc8 26. Qb6 Bxd3 27. Qxa5
Qb8 28. Qc5 1/2-1/2

[Event "Outaouais op"]
[Site "Hull CAN"]
[Date "1988.11.19"]
[Round "3"]
[White "Brodie, Hugh"]
[Black "Morin, Herman"]
[Result "1-0"]
[WhiteElo "2055"]
[BlackElo "1785"]
[PlyCount "48"]
[EventDate "1988.11.19"]
[EventType "swiss"]
[EventRounds "5"]
[EventCountry "CAN"]

1. Nf3 e6 2. g3 f5 3. Bg2 Nf6 4. O-O d5 5. c4 c6 6. b3 Bd6 7. Bb2 O-O 8. d3 Qe7
9. Nbd2 e5 10. cxd5 cxd5 11. Qc2 e4 12. Nd4 Bd7 13. Rfc1 Nc6 14. Nxc6 bxc6 15.
a3 e3 16. Bxf6 Rxf6 17. Nf3 exf2+ 18. Kxf2 f4 19. Rh1 Qe3+ 20. Ke1 fxg3 21.
hxg3 Bxg3+ 22. Kd1 Re8 23. Ra2 Bg4 24. Qxc6 Rxc6 1-0

[Event "Outaouais op"]
[Site "Hull CAN"]
[Date "1988.11.20"]
[Round "4"]
[White "Brodie, Hugh"]
[Black "Paltiniseanu, Liviu"]
[Result "1/2-1/2"]
[WhiteElo "2055"]
[BlackElo "2114"]
[PlyCount "103"]
[EventDate "1988.11.19"]
[EventType "swiss"]
[EventRounds "5"]
[EventCountry "CAN"]

1. e4 d5 2. exd5 Qxd5 3. Nc3 Qd6 4. d4 Nf6 5. Nf3 Bg4 6. Be3 c6 7. Bc4 Nbd7 8.
h3 Bh5 9. O-O e6 10. Qe2 Be7 11. Rad1 O-O 12. Bd3 Nd5 13. Ne4 Qc7 14. Ng3 Nxe3
15. Qxe3 Bxf3 16. Qxf3 Nf6 17. c3 Rad8 18. Nh5 Rd5 19. Nxf6+ Bxf6 20. Be4 Rd7
21. Qh5 g6 22. Qf3 Bg7 23. Rde1 e5 24. dxe5 Bxe5 25. Re2 Rfd8 26. Rfe1 Bg7 27.
Bc2 Rf8 28. Qe3 Qb8 29. Qg5 Qd8 30. Qc5 a6 31. Bb3 Bf6 32. Qe3 Re7 33. Qf3 Rxe2
34. Rxe2 Qd6 35. Qe3 Rd8 36. Qe4 b5 37. Qe3 c5 38. Bc2 Kg7 39. Qe4 a5 40. Qb7
b4 41. cxb4 axb4 42. Bb3 Rd7 43. Qf3 Rc7 44. a3 bxa3 45. bxa3 Ra7 46. Ra2 Qd4
47. Qd5 Qc3 48. Qc4 Qe1+ 49. Qf1 Qa5 50. Qc1 Re7 51. Kh2 Re1 52. Qc4 1/2-1/2

[Event "Outaouais op"]
[Site "Hull CAN"]
[Date "1988.11.20"]
[Round "5"]
[White "Eschbach, Ralph"]
[Black "Brodie, Hugh"]
[Result "1-0"]
[WhiteElo "1818"]
[BlackElo "2055"]
[PlyCount "92"]
[EventDate "1988.11.19"]
[EventType "swiss"]
[EventRounds "5"]
[EventCountry "CAN"]

1. d4 e6 2. c4 Bb4+ 3. Nc3 f5 4. e3 Nf6 5. Bd3 O-O 6. Nf3 b6 7. O-O Bb7 8. Qc2
Bxc3 9. bxc3 Qe8 10. Nd2 Qh5 11. f3 d6 12. Ba3 c5 13. Rae1 Nbd7 14. d5 exd5 15.
Bxf5 dxc4 16. Be6+ Kh8 17. Nxc4 d5 18. Nd6 Bc6 19. c4 Ne5 20. cxd5 Bxd5 21.
Bxd5 Nxd5 22. e4 Nf4 23. Nf5 Rf6 24. Bb2 Rg6 25. Bxe5 Rxg2+ 26. Qxg2 Nxg2 27.
Bxg7+ Kg8 28. Kxg2 Rd8 29. Rd1 Rd2+ 30. Rxd2 Qg5+ 31. Kh3 Qxd2 32. Rg1 Kf7 33.
Rg2 Qd1 34. Rg3 c4 35. Bd4 Qf1+ 36. Kh4 Qe2 37. Rg7+ Kf8 38. Kg5 Qxf3 39. Kf6
Qa3 40. Rxh7 Ke8 41. Ke6 Kd8 42. Bf6+ Kc8 43. Nd6+ Kb8 44. Rb7+ Ka8 45. Rc7 a6
46. Be5 Qh3+ 1-0

[Event "Eastern Ontario op"]
[Site "Ottawa CAN"]
[Date "1988.09.17"]
[Round "1"]
[White "Brodie, Hugh"]
[Black "Gaudet, Alain"]
[Result "1-0"]
[WhiteElo "1992"]
[BlackElo "1805"]
[PlyCount "106"]
[EventDate "1988.09.17"]
[EventType "swiss"]
[EventRounds "5"]
[EventCountry "CAN"]

1. e4 e5 2. Nc3 Nf6 3. f4 d6 4. Nf3 Bg4 5. Bc4 Be7 6. fxe5 dxe5 7. Bxf7+ Kf8 8.
Bb3 Nc6 9. h3 Bh5 10. O-O Nd4 11. g4 Nxb3 12. axb3 Bf7 13. d3 Nd7 14. Be3 a6
15. Qd2 h6 16. Qf2 Kg8 17. Qg3 Bf6 18. Kg2 g5 19. Rf2 Qe7 20. Raf1 Rf8 21. Nd2
Rh7 22. Nd5 Bxd5 23. exd5 Rhf7 24. Ne4 Bg7 25. c4 b6 26. Rxf7 Rxf7 27. Rxf7
Kxf7 28. Qf2+ Kg8 29. Qf5 Qf7 30. Qxf7+ Kxf7 31. b4 Ke7 32. Kf3 Nf8 33. c5 b5
34. d6+ cxd6 35. Nxd6 Ne6 36. Nf5+ Kd7 37. Nxg7 Nxg7 38. Ke4 Ne6 39. Kxe5 Nd8
40. Bd2 Nc6+ 41. Ke4 Ne7 42. Ke5 Kc6 43. Kf6 Nd5+ 44. Kf5 Kd7 45. Kg6 Nf4+ 46.
Kxh6 Nxh3 47. Bxg5 Nf2 48. Kh5 Nxd3 49. Bd2 Nxb2 50. g5 Ke7 51. g6 Kf8 52. c6
Nc4 53. Be3 Ne5 1-0

[Event "Eastern Ontario op"]
[Site "Ottawa CAN"]
[Date "1988.09.17"]
[Round "2"]
[White "Kerr, Chris"]
[Black "Brodie, Hugh"]
[Result "1-0"]
[WhiteElo "1823"]
[BlackElo "1992"]
[PlyCount "93"]
[EventDate "1988.09.17"]
[EventType "swiss"]
[EventRounds "5"]
[EventCountry "CAN"]

1. e4 c5 2. Nf3 Nc6 3. d3 d6 4. Nbd2 g6 5. g3 Bg7 6. Bg2 e5 7. a4 Nge7 8. Nc4
O-O 9. O-O f5 10. c3 Na5 11. Nxa5 Qxa5 12. b4 Qc7 13. Qb3+ Kh8 14. Ng5 h6 15.
Ne6 Bxe6 16. Qxe6 Rf6 17. Qb3 Nc6 18. exf5 gxf5 19. bxc5 dxc5 20. f4 exf4 21.
Bxf4 Qd7 22. Rfd1 Re8 23. Rab1 b6 24. Qc2 Rfe6 25. Rd2 Be5 26. Rf1 Bxf4 27.
Rxf4 Re1+ 28. Rf1 Qe6 29. Rdf2 Rxf1+ 30. Rxf1 Ne5 31. h3 Ng6 32. Kh2 Qe5 33. d4
cxd4 34. Rxf5 Qg7 35. cxd4 Qxd4 36. Rf7 Nf8 37. Rxa7 Re1 38. h4 Qg1+ 39. Kh3
Qd4 40. Qc7 Qf6 41. Rb7 Ra1 42. Rxb6 Qf5+ 43. Kh2 Rxa4 44. Rxh6+ Kg8 45. Qd6
Rg4 46. Rf6 Qc8 47. Bd5+ 1-0

[Event "Eastern Ontario op"]
[Site "Ottawa CAN"]
[Date "1988.09.17"]
[Round "3"]
[White "Brodie, Hugh"]
[Black "Groot-Lipman, Jeff"]
[Result "1-0"]
[WhiteElo "1992"]
[BlackElo "1811"]
[PlyCount "69"]
[EventDate "1988.09.17"]
[EventType "swiss"]
[EventRounds "5"]
[EventCountry "CAN"]

1. e4 e5 2. Nc3 Nf6 3. f4 d5 4. fxe5 Nxe4 5. Nf3 Bg4 6. Qe2 Nxc3 7. bxc3 Qe7 8.
d4 c5 9. Qe3 Bxf3 10. gxf3 Qh4+ 11. Kd1 c4 12. f4 Nc6 13. Qf3 Rd8 14. Bh3 Be7
15. Rg1 g5 16. Rg4 Qh5 17. fxg5 Rg8 18. Ke2 Qg6 19. Kd1 Qh5 20. Be3 Bxg5 21.
Bxg5 Rxg5 22. Kd2 Rxg4 23. Qxg4 Qxg4 24. Bxg4 Ke7 25. Rf1 Rg8 26. Rf4 Nd8 27.
Bf3 Ne6 28. Rf6 Nc7 29. Rh6 Rg6 30. Rxh7 Ra6 31. Bh5 Rxa2 32. Rxf7+ Kd8 33. h4
Nb5 34. Rxb7 Na3 35. Bg6 1-0

[Event "Eastern Ontario op"]
[Site "Ottawa CAN"]
[Date "1988.09.18"]
[Round "4"]
[White "Brodie, Hugh"]
[Black "Weston, Paul"]
[Result "1-0"]
[WhiteElo "1992"]
[BlackElo "1889"]
[PlyCount "39"]
[EventDate "1988.09.17"]
[EventType "swiss"]
[EventRounds "5"]
[EventCountry "CAN"]

1. e4 c5 2. Nf3 Nc6 3. c3 e6 4. d4 d5 5. e5 Qb6 6. Be2 Bd7 7. O-O Rc8 8. dxc5
Bxc5 9. Nbd2 Qc7 10. Nb3 Nxe5 11. Nxe5 Qxe5 12. Nxc5 Rxc5 13. Be3 Rc8 14. Bxa7
Nf6 15. Bd4 Qg5 16. f4 Qg6 17. Bxf6 gxf6 18. f5 Qg5 19. Rf3 e5 20. Qxd5 1-0

[Event "Eastern Ontario op"]
[Site "Ottawa CAN"]
[Date "1988.09.18"]
[Round "5"]
[White "Landry, Sylvain"]
[Black "Brodie, Hugh"]
[Result "1-0"]
[WhiteElo "1950"]
[BlackElo "1992"]
[PlyCount "60"]
[EventDate "1988.09.17"]
[EventType "swiss"]
[EventRounds "5"]
[EventCountry "CAN"]

1. e4 c5 2. Nf3 Nc6 3. d4 cxd4 4. Nxd4 g6 5. Nc3 Bg7 6. Nb3 d6 7. Be2 Nf6 8.
O-O O-O 9. Bg5 h6 10. Be3 Be6 11. f4 Qc8 12. h3 Nb4 13. Bf3 Bc4 14. Rf2 Nd7 15.
Qd2 Kh7 16. Bg4 f5 17. exf5 gxf5 18. Bf3 Qc7 19. Nd4 Bxd4 20. Qxd4 Na6 21. Rd1
Nb6 22. g4 Be6 23. Rg2 Rg8 24. Kh2 Rg7 25. Rdg1 Rag8 26. g5 hxg5 27. Ne4 fxe4
28. Bxe4+ Bf5 29. Bxf5+ Kh8 30. Rxg5 e5 1-0

[Event "CAN-op"]
[Site "Scarborough CAN"]
[Date "1988.07.15"]
[Round "1"]
[White "Schumacher, Albrecht"]
[Black "Brodie, Hugh"]
[Result "0-1"]
[WhiteElo "1565"]
[BlackElo "1992"]
[PlyCount "64"]
[EventDate "1988.07.15"]
[EventType "swiss"]
[EventRounds "10"]
[EventCountry "CAN"]

1. e4 c5 2. c4 Nc6 3. Nf3 g6 4. Be2 Bg7 5. Nc3 d6 6. h3 Nf6 7. d3 O-O 8. Bd2
Bd7 9. Qc1 a6 10. Nd5 b5 11. O-O e6 12. Nxf6+ Bxf6 13. Bh6 Re8 14. Ng5 Nd4 15.
Bf3 Rb8 16. Qf4 e5 17. Qh4 bxc4 18. dxc4 Rxb2 19. Rfb1 Qb6 20. Rxb2 Qxb2 21.
Rf1 Qxa2 22. Kh1 Qxc4 23. Rg1 a5 24. Bh5 a4 25. Bg4 Bc6 26. Qg3 Qb3 27. Nxh7
Kxh7 28. Be3 a3 29. Bf3 a2 30. Bg5 Bxg5 31. Qxg5 Nxf3 32. gxf3 Qxf3+ 0-1

[Event "CAN-op"]
[Site "Scarborough CAN"]
[Date "1988.07.16"]
[Round "2"]
[White "Brodie, Hugh"]
[Black "Floyd, Brian"]
[Result "1-0"]
[WhiteElo "1992"]
[BlackElo "1700"]
[PlyCount "65"]
[EventDate "1988.07.15"]
[EventType "swiss"]
[EventRounds "10"]
[EventCountry "CAN"]

1. e4 c5 2. Nf3 d6 3. c3 g6 4. d4 cxd4 5. cxd4 Bg7 6. Nc3 Nf6 7. Bd3 O-O 8. O-O
Nc6 9. h3 a6 10. Be3 Nb4 11. Bb1 Nc6 12. Qd2 Bd7 13. Bd3 Rc8 14. Rac1 b5 15.
Bh6 b4 16. Ne2 Qa5 17. Bxg7 Kxg7 18. d5 Ne5 19. Nxe5 dxe5 20. a3 Rxc1 21. Rxc1
Qb6 22. axb4 Rb8 23. Qc3 Qd6 24. f3 Rxb4 25. Kh2 Rd4 26. Bxa6 Qxa6 27. Nxd4
exd4 28. Qxd4 Kg8 29. e5 Nh5 30. b4 g5 31. Ra1 Qc8 32. Qc5 Qb8 33. Qxe7 1-0

[Event "CAN-op"]
[Site "Scarborough CAN"]
[Date "1988.07.16"]
[Round "3"]
[White "Janicki, Paul"]
[Black "Brodie, Hugh"]
[Result "1/2-1/2"]
[WhiteElo "2219"]
[BlackElo "1992"]
[PlyCount "98"]
[EventDate "1988.07.15"]
[EventType "swiss"]
[EventRounds "10"]
[EventCountry "CAN"]

1. c4 e5 2. Nc3 Nc6 3. Nf3 d6 4. g3 g6 5. Bg2 Bg7 6. O-O Nf6 7. d3 O-O 8. a3
Nh5 9. Rb1 f5 10. Nd5 f4 11. b4 Ne7 12. Nxe7+ Qxe7 13. Nd2 c6 14. Ne4 d5 15.
cxd5 cxd5 16. Qb3 Rd8 17. Nc5 Qf7 18. Bf3 b6 19. Na4 Bb7 20. Nc3 g5 21. e4 Nf6
22. gxf4 gxf4 23. Kh1 dxe4 24. Nxe4 Nxe4 25. Bxe4 Bd5 26. Qc2 Rac8 27. Qe2 Qb7
28. Rg1 Bxe4+ 29. dxe4 Rd4 30. f3 Rcd8 31. Bb2 Rd2 32. Qc4+ Qf7 33. Rxg7+ Kxg7
34. Bxe5+ Kf8 35. Qxf7+ Kxf7 36. Bxf4 Rf2 37. Bg3 Rxf3 38. Kg2 Rxa3 39. Rf1+
Ke6 40. e5 Ra2+ 41. Kh3 Rd4 42. Rf6+ Kd5 43. Rh6 Rxb4 44. Rxh7 Ra3 45. Rd7+ Ke6
46. Rd6+ Ke7 47. Kg2 Rb2+ 48. Kh3 Rb4 49. Kg2 Rb2+ 1/2-1/2

[Event "CAN-op"]
[Site "Scarborough CAN"]
[Date "1988.07.17"]
[Round "4"]
[White "Brodie, Hugh"]
[Black "Saleh, Maher"]
[Result "1/2-1/2"]
[WhiteElo "1992"]
[BlackElo "2165"]
[PlyCount "91"]
[EventDate "1988.07.15"]
[EventType "swiss"]
[EventRounds "10"]
[EventCountry "CAN"]

1. e4 Nf6 2. Nc3 d5 3. e5 Ne4 4. d4 Nxc3 5. bxc3 c5 6. Nf3 Nc6 7. Be2 Bg4 8.
O-O e6 9. Rb1 Qc7 10. Ba3 Be7 11. h3 Bxf3 12. Bxf3 O-O 13. Re1 c4 14. Bxe7 Qxe7
15. Qd2 Qa3 16. Bg4 Rfb8 17. f4 g6 18. Be2 b5 19. Kh2 b4 20. cxb4 Rxb4 21. c3
Rxb1 22. Rxb1 Rb8 23. Rxb8+ Nxb8 24. g4 Na6 25. Qc2 Kg7 26. f5 Nc7 27. f6+ Kf8
28. Qb1 Qxc3 29. Qb8+ Ne8 30. Qxa7 Qb4 31. a3 Qb5 32. Bd1 c3 33. Qe7+ Kg8 34.
a4 Qc6 35. Bc2 Qc8 36. a5 Nc7 37. Qc5 Qb8 38. Qxc3 Nb5 39. Qc5 Qc7 40. Qxb5
Qxc2+ 41. Kg3 Qc3+ 42. Kg2 Qd2+ 43. Kf3 Qc3+ 44. Ke2 Qc2+ 45. Kf3 Qc3+ 46. Ke2
1/2-1/2

[Event "CAN-op"]
[Site "Scarborough CAN"]
[Date "1988.07.18"]
[Round "5"]
[White "Brodie, Hugh"]
[Black "Swett, Graham"]
[Result "1-0"]
[WhiteElo "1992"]
[BlackElo "2160"]
[PlyCount "125"]
[EventDate "1988.07.15"]
[EventType "swiss"]
[EventRounds "10"]
[EventCountry "CAN"]

1. e4 Nf6 2. Nc3 d6 3. d4 g6 4. f4 Bg7 5. Nf3 O-O 6. Bd3 Bg4 7. h3 Bd7 8. O-O
Nh5 9. Kh2 Nc6 10. Be3 e5 11. fxe5 dxe5 12. d5 Nd4 13. Ne2 Nxf3+ 14. Rxf3 g5
15. g3 g4 16. hxg4 Bxg4 17. Rf2 Qd7 18. Qd2 Nf6 19. Bg5 Bxe2 20. Bxf6 Bh5 21.
Bxg7 Kxg7 22. Qg5+ Bg6 23. Qxe5+ Kg8 24. Qd4 Rae8 25. Re1 Qg4 26. Rf4 Qh5+ 27.
Kg2 Qe5 28. Qxe5 Rxe5 29. Ref1 Rfe8 30. g4 R8e7 31. Kf3 Kg7 32. c4 b6 33. b4
Re8 34. Ke3 h5 35. gxh5 Rxh5 36. Kd4 Rh2 37. R1f2 Rh3 38. c5 bxc5+ 39. bxc5 Rb8
40. Bc4 Rb1 41. Rd2 Kf8 42. d6 cxd6 43. cxd6 Ke8 44. a4 Kd8 45. Bxf7 Bxf7 46.
Rxf7 Rb4+ 47. Ke5 Rxa4 48. Rg2 Rh5+ 49. Rf5 Rh7 50. Rg4 Kd7 51. Rg6 Rb4 52.
Rfg5 Rf7 53. Rf5 Rb5+ 54. Kf4 Rfxf5+ 55. exf5 a5 56. Rg7+ Kxd6 57. Kg5 a4 58.
Ra7 a3 59. Rxa3 Ke7 60. Kg6 Rb8 61. Kg7 Rb7 62. Re3+ Kd6+ 63. Kf6 1-0

[Event "CAN-op"]
[Site "Scarborough CAN"]
[Date "1988.07.19"]
[Round "6"]
[White "McCormick, Edgar"]
[Black "Brodie, Hugh"]
[Result "1/2-1/2"]
[WhiteElo "2179"]
[BlackElo "1992"]
[PlyCount "69"]
[EventDate "1988.07.15"]
[EventType "swiss"]
[EventRounds "10"]
[EventCountry "CAN"]

1. e4 c5 2. c3 d5 3. exd5 Qxd5 4. d4 Nf6 5. Nf3 e6 6. h3 Be7 7. Be3 cxd4 8.
cxd4 O-O 9. Nc3 Qa5 10. Bd3 Nc6 11. O-O Nb4 12. Re1 Nxd3 13. Qxd3 Nd5 14. Nxd5
exd5 15. Bg5 Bb4 16. Re3 Be6 17. a3 Rac8 18. Bf4 a6 19. Rd1 Be7 20. Ne5 Bh4 21.
Qe2 Qd8 22. Qh5 Rc2 23. Bg3 Bf6 24. Re2 Rxe2 25. Qxe2 Qb6 26. b4 Rc8 27. Qd3 a5
28. Rb1 a4 29. Bf4 Kf8 30. Be3 Rc7 31. Qd1 Qb5 32. Rc1 Rxc1 33. Qxc1 Bxe5 34.
dxe5 Qc4 35. Qxc4 1/2-1/2

[Event "CAN-op"]
[Site "Scarborough CAN"]
[Date "1988.07.20"]
[Round "7"]
[White "Brodie, Hugh"]
[Black "Fuster, Geza"]
[Result "1/2-1/2"]
[WhiteElo "1992"]
[BlackElo "2157"]
[PlyCount "63"]
[EventDate "1988.07.15"]
[EventType "swiss"]
[EventRounds "10"]
[EventCountry "CAN"]

1. e4 Nf6 2. Nc3 d5 3. e5 Ng8 4. d4 Bf5 5. Nf3 e6 6. Bd3 Bxd3 7. Qxd3 Qd7 8.
O-O c5 9. Ne2 Nc6 10. c3 Nge7 11. Ng3 cxd4 12. cxd4 g6 13. Bg5 Bg7 14. Rac1 O-O
15. Qd2 f6 16. exf6 Bxf6 17. Bh6 Rf7 18. Ng5 Bxg5 19. Bxg5 Nf5 20. Ne2 Rc8 21.
Bf4 Rcf8 22. Be5 Nd6 23. Bxd6 Qxd6 24. f4 Rc8 25. Rc3 Rfc7 26. Rfc1 Nd8 27.
Rxc7 Rxc7 28. Rxc7 Qxc7 29. Qc3 Qxc3 30. bxc3 Kf7 31. Kf2 Ke7 32. Ke3 1/2-1/2

[Event "CAN-op"]
[Site "Scarborough CAN"]
[Date "1988.07.21"]
[Round "8"]
[White "Brodie, Hugh"]
[Black "Stoll, Drew"]
[Result "1/2-1/2"]
[WhiteElo "1992"]
[BlackElo "2175"]
[PlyCount "89"]
[EventDate "1988.07.15"]
[EventType "swiss"]
[EventRounds "10"]
[EventCountry "CAN"]

1. e4 c5 2. Nf3 Nc6 3. c3 Nf6 4. e5 Nd5 5. d4 cxd4 6. cxd4 d6 7. exd6 Qxd6 8.
Nc3 Bf5 9. a3 e6 10. Nb5 Qd8 11. Bd3 Bxd3 12. Qxd3 a6 13. Nc3 Be7 14. O-O Rc8
15. Be3 O-O 16. Rac1 Nxc3 17. Rxc3 Bf6 18. Rd1 Qd6 19. Ng5 Bxg5 20. Bxg5 f6 21.
Be3 Rcd8 22. Qc4 Qd5 23. Qxd5 Rxd5 24. Rc5 Rfd8 25. Rxd5 Rxd5 26. Rd2 Na5 27.
Kf1 Kf7 28. Rc2 Ke7 29. Ke2 b5 30. Rc7+ Rd7 31. Rxd7+ Kxd7 32. Kd3 Kc6 33. Kc3
Kd5 34. f3 Nc6 35. Kd3 g5 36. Kc3 a5 37. Kd3 h5 38. Kc3 Ne7 39. b3 Nf5 40. Bf2
g4 41. Kd3 gxf3 42. gxf3 e5 43. dxe5 fxe5 44. a4 bxa4 45. bxa4 1/2-1/2

[Event "CAN-op"]
[Site "Scarborough CAN"]
[Date "1988.07.22"]
[Round "9"]
[White "Morrell, Gord"]
[Black "Brodie, Hugh"]
[Result "1/2-1/2"]
[WhiteElo "2134"]
[BlackElo "1992"]
[PlyCount "83"]
[EventDate "1988.07.15"]
[EventType "swiss"]
[EventRounds "10"]
[EventCountry "CAN"]

1. d4 e6 2. Nf3 f5 3. g3 Nf6 4. Bg2 d5 5. O-O Bd6 6. Bf4 O-O 7. Nbd2 Ne4 8.
Bxd6 Qxd6 9. Ne5 Nd7 10. Nxd7 Bxd7 11. Nf3 f4 12. Ne5 fxg3 13. hxg3 Ng5 14. c4
c6 15. Qd2 Nf7 16. Nxf7 Rxf7 17. Rac1 Raf8 18. Qe3 Re7 19. c5 Qc7 20. f4 Be8
21. Rc3 Bg6 22. Ra3 a6 23. Bf3 Rff7 24. Rf2 Qb8 25. Rh2 Qc7 26. Qe5 Qxe5 27.
fxe5 Rf8 28. b4 Ref7 29. Re3 Bc2 30. Rf2 Be4 31. Bxe4 Rxf2 32. Bf3 R8xf3 33.
exf3 Rxa2 34. f4 Rd2 35. b5 Rxd4 36. bxc6 bxc6 37. Ra3 Rc4 38. Rxa6 Rxc5 39.
Ra7 Kf8 40. Kf2 h5 41. Ra8+ Kf7 42. Ra7+ 1/2-1/2

[Event "CAN-op"]
[Site "Scarborough CAN"]
[Date "1988.07.23"]
[Round "10"]
[White "Begoray, Dave"]
[Black "Brodie, Hugh"]
[Result "1/2-1/2"]
[WhiteElo "1865"]
[BlackElo "1992"]
[PlyCount "47"]
[EventDate "1988.07.15"]
[EventType "swiss"]
[EventRounds "10"]
[EventCountry "CAN"]

1. d4 e6 2. c4 Bb4+ 3. Bd2 Qe7 4. a3 Bxd2+ 5. Qxd2 f5 6. Nf3 Nf6 7. Nc3 b6 8.
g3 Bb7 9. Bg2 O-O 10. O-O d6 11. Rfe1 Ne4 12. Qc2 Nxc3 13. Qxc3 Nd7 14. Rad1 f4
15. d5 e5 16. Nd2 Bc8 17. Ne4 Nc5 18. b4 Nxe4 19. Bxe4 Qf6 20. Rf1 Bg4 21. Bf3
Bh3 22. Bg2 Bg4 23. Bf3 Bh3 24. Bg2 1/2-1/2